000 00540cam a22002291 4500
001 sa 67005000
003 DLC
005 20260227112352.0
008 940427s1966 ii 000 1 benr
010 _asa 67005000
025 _aPL480:I-B-2894
035 _a(OCoLC)30340554
040 _aDLC
_cCU
_dCU
_dDLC
042 _apremarc
050 0 0 _aPK1718.K3
_bA72
100 1 _aKara, Bimala,
_d1921-2003.
245 1 0 _aAiśvarya.
260 _c[1966]
300 _a135 p.
_c23 cm.
500 _aIn Bengali.
500 _aShort stories.
999 _c74888
_d74888